000 00564nam a2200229Ia 4500
003 OSt
005 20220924132155.0
006 a|||||r|||| 00| 0
007 ta
008 220923b |||||||| |||| 00| 0 hin d
024 _a34199
037 _cTextual
040 _aARTS
_cARTS
_bhin
041 _2hin
_ahin
082 _aO15,2D66,13, 152J3
100 _aHarsa
245 0 _aNaganand ed by Sadhuram
260 _c1953
650 _aSANSKRIT LITERATURE
942 _hO15,2D66,13, 152J3
_cTEXL
_2CC
999 _c429533
_d429533